Statistiques concernant Drapeaux des pays de la coupe du monde 2030

Cliquez ici pour prendre le quiz!

Statistiques générales

  • Ce quiz a été pris 145 fois
  • Le résultat moyen est 5 sur 6

Statistiques - réponses

Réponse% Correct
Argentine
98%
Espagne
97%
Uruguay
96%
Maroc
95%
Portugal
95%
Paraguay
66%

Distribution des résultats

Percentile par nombre de réponses

% des personnes avec chaque résultat

Votre développement - résultats

Vous n’avez pas pris ce quiz